| LEADER 00000nam 2200000uu 4500 |
| 001 205778 |
| 003 ULIBM |
| 008 110110s2553||||th 000 0 tha d |
| 020 978-616-11-0461-0
|
| 060 0 WY 100 ร375ข 2553.
|
| 100 0 ^aรัตนา พงษ์วานิชอนันต์.
|
| 245 00 ^aไขพลังหลัง "ตัวเลข" เครือข่ายข้อมูลข่าวสารโรคมะเร็งไทย/^bรัตนา พงษ์วานิชอนันต์.
|
| 260 ^aนนทบุรี : ^bบริษัท ที คิว พี จำกัด,^c2553.
|
| 300 ^aจำนวน 69 หน้า ;^bภาพประกอบ.
|
| 500 ^aหนังสือต้นคิด ชุด ก้าวใหม่ HISO
|
| 650 0 ^aข้อมูลข่าวสาร - - ^xเครือข่ายโรคมะเร็ง - - ^zไทย.
|
| 650 0 ^aโรคมะเร็ง.
|
| 650 0 ^aระบบข้อมูลสุขภาพ.
|
| 710 1 ^aสำนักงานพัฒนาระบบข้อมูลข่าวสารสุขภาพ.
|
| 999 ^aใช้งานได้ทุกระบบ
|